| 000 | 01152nam a2200289 a 4500 | ||
|---|---|---|---|
| 001 | 5498 | ||
| 003 | BD-RjUL | ||
| 005 | 20211208234058.0 | ||
| 008 | 500101r19731954uk a b 001 0 eng d | ||
| 020 | _a0582462835 | ||
| 035 |
_aCURL 040000114237(Lee) from hmec026 _a(BD-RjUL)5534 |
||
| 040 |
_aBD-RjUL _beng _cBD-RjUL |
||
| 041 | _aeng | ||
| 082 | 0 | 0 |
_a541.369 _218 _bPRC 1973 |
| 100 | 1 |
_aPrigogine, I. _q(Ilya) _917233 |
|
| 245 | 1 | 0 |
_aChemical thermodynamics / _cI. Prigogine and R. Defay ; translated by D.H. Everett. |
| 260 |
_aLondon : _bLongmans, Green, _c1954 [Impression 1973]. |
||
| 300 |
_axxxii, 543 p : _bill ; _c25 cm. |
||
| 500 | _aOriginally published as "Thermodynamique" in two volumes 1944, 1946 | ||
| 500 | _aTranslated from the second edition 1950, and revised to 1952. | ||
| 500 | _aVolume I of "Treatise on Thermodynamics based on the methods of Gibbs and De Donder" by I. Prigogine and R. Defay | ||
| 504 | _aIncludes bibliographical references and indexes. | ||
| 650 | 0 |
_aThermodynamics. _917234 |
|
| 700 | 1 |
_aDefay, Raymond, _d1897- _917235 |
|
| 700 | 1 |
_aEverett, D. H. _q(Douglas Hugh), _d1916-2002 _917236 |
|
| 942 |
_2ddc _cBK |
||
| 999 |
_c5498 _d5498 |
||